000 01318nam a2200337Ia 4500
001 ebr10056007
003 CaPaEBR
006 m u
007 cr cn|||||||||
008 030313s2003 bcca sb 001 0 eng d
010 _z 2003363469
015 _aGBA3-Y2340
020 _z0774850558 (eBook)
020 _z077480985X
040 _aCaPaEBR
_cCaPaEBR
035 _a(OCoLC)59671506
050 1 4 _aGE190.C2
_bI48 2003eb
082 0 4 _a363.70971
_221
245 0 4 _aThe integrity gap
_h[electronic resource] :
_bCanada's environmental policy and institutions /
_cedited by Eugene Lee and Anthony Perl.
260 _aVancouver, B.C. :
_bUniversity of British Columbia Press ;
_aLondon :
_bEurospan,
_c2003.
300 _axii, 289 p. :
_bill.
504 _aIncludes index.
533 _aElectronic reproduction.
_bPalo Alto, Calif. :
_cebrary,
_d2009.
_nAvailable via World Wide Web.
_nAccess may be limited to ebrary affiliated libraries.
650 0 _aEnvironmental policy
_zCanada.
650 0 _aPolitical planning
_zCanada.
655 7 _aElectronic books.
_2local
700 1 _aLee, Eugene E.,
_d1924-
700 1 _aPerl, Anthony,
_d1962-
710 2 _aebrary, Inc.
856 4 0 _uhttp://site.ebrary.com/lib/rucke/Doc?id=10056007
_zAn electronic book accessible through the World Wide Web; click to view
999 _c72212
_d72212